[Event "I mi?dzynarodowy turniej szachowy"]
[Site "Jastrzebie-Zdroj"]
[Date "2018.08.25"]
[Round "9.12"]
[White "Rydzewski, Pawel"]
[Black "Oborski, Artur"]
[Result "1-0"]
[BlackElo "1988"]
[WhiteElo "1995"]
[LiveChessVersion "1.4.8"]

1. d4 {[%clk 1:30:58]} Nf6 {[%clk 1:30:50]} 2. Bg5 {[%clk 1:31:24]} e6
{[%clk 1:29:09]} 3. e4 {[%clk 1:31:01]} h6 {[%clk 1:29:31]} 4. Bxf6
{[%clk 1:31:27]} Qxf6 {[%clk 1:29:47]} 5. Nf3 {[%clk 1:31:00]} d5
{[%clk 1:28:23]} 6. Nbd2 {[%clk 1:29:42]} dxe4 {[%clk 1:24:45]} 7. Nxe4
{[%clk 1:29:47]} Qd8 {[%clk 1:24:57]} 8. c3 {[%clk 1:27:46]} Be7 {[%clk 1:23:51]}
9. Bd3 {[%clk 1:27:48]} Nd7 {[%clk 1:22:59]} 10. O-O {[%clk 1:27:58]} O-O
{[%clk 1:22:28]} 11. Qe2 {[%clk 1:27:55]} b6 {[%clk 1:19:24]} 12. Ne5
{[%clk 1:26:36]} Bb7 {[%clk 1:16:44]} 13. Rad1 {[%clk 1:24:40]} Nf6
{[%clk 1:06:17]} 14. Bc2 {[%clk 1:15:35]} Nd5 {[%clk 0:53:20]} 15. f4
{[%clk 1:09:47]} f5 {[%clk 0:45:58]} 16. Nd2 {[%clk 1:00:07]} Qe8
{[%clk 0:45:26]} 17. Bb3 {[%clk 0:57:54]} g5 {[%clk 0:38:31]} 18. Rde1
{[%clk 0:54:04]} Nxf4 {[%clk 0:26:54]} 19. Rxf4 {[%clk 0:54:28]} gxf4
{[%clk 0:27:15]} 20. Bxe6+ {[%clk 0:54:53]} Kg7 {[%clk 0:27:11]} 21. Bd7
{[%clk 0:51:50]} f3 {[%clk 0:26:23]} 22. Qc4 {[%clk 0:39:55]} Qh5
{[%clk 0:24:42]} 23. Qxc7 {[%clk 0:36:51]} f2+ {[%clk 0:22:03]} 24. Kxf2
{[%clk 0:37:15]} Qh4+ {[%clk 0:21:33]} 25. Ke2 {[%clk 0:34:04]} Ba6+
{[%clk 0:19:19]} 26. Kd1 {[%clk 0:34:06]} Qf6 {[%clk 0:18:22]} 27. Ndc4
{[%clk 0:27:05]} Bd8 {[%clk 0:09:24]} 28. Qc6 {[%clk 0:26:44]} Rb8
{[%clk 0:09:25]} 29. Nd6 {[%clk 0:25:10]} Kh8 {[%clk 0:07:32]} 30. Bxf5
{[%clk 0:20:21]} Bb7 {[%clk 0:05:57]} 31. Qd7 {[%clk 0:17:24]} Bc8
{[%clk 0:05:25]} 32. Qh7# 1-0